|
|
|
|
| LEADER |
01132nam a22003014a 4500 |
| 001 |
29059 |
| 003 |
BD-DhAAL |
| 005 |
20150330113724.0 |
| 008 |
150330s2013 enk b 001 0deng |
| 010 |
|
|
|a 2012029774
|
| 020 |
|
|
|a 9781107003910 (hardback : alk. paper)
|
| 020 |
|
|
|a 9780521177221 (pbk. : alk. paper)
|
| 040 |
|
|
|a DLC
|c DLC
|d DLC
|d BD-DhAAL
|
| 042 |
|
|
|a pcc
|
| 050 |
0 |
0 |
|a PS3563.O8749
|b Z8448 2013
|
| 082 |
0 |
0 |
|a 813.54
|2 23
|
| 100 |
1 |
|
|a Roynon, Tessa.
|9 10204
|
| 245 |
1 |
4 |
|a The Cambridge introduction to Toni Morrison /
|c Tessa Roynon.
|
| 246 |
3 |
0 |
|a Toni Morrison
|
| 260 |
|
|
|a Cambridge ;
|a New York :
|b Cambridge University Press,
|c 2013.
|
| 300 |
|
|
|a xii, 143 p. ;
|c 24 cm.
|
| 490 |
0 |
|
|a Cambridge introductions to literature
|
| 504 |
|
|
|a Includes bibliographical references (p. 129-137) and index.
|
| 541 |
|
|
|e 29059
|
| 600 |
1 |
0 |
|a Morrison, Toni
|x Criticism and interpretation.
|9 10205
|
| 942 |
|
|
|2 ddc
|c BK
|
| 999 |
|
|
|c 34184
|d 34184
|
| 952 |
|
|
|0 0
|1 0
|2 ddc
|4 0
|6 813_540000000000000_ROY
|7 0
|9 53346
|a BRACUL
|b BRACUL
|c GEN
|d 2015-03-30
|e Karim International
|l 1
|m 4
|o 813.54 ROY
|p 3010029059
|r 2026-01-07
|s 2025-12-08
|t 1
|w 2015-03-30
|y BK
|